Fundamentals of computers (Record no. 7768)

MARC details
000 -LEADER
fixed length control field 00306nam a2200133Ia 4500
008 - FIXED-LENGTH DATA ELEMENTS--GENERAL INFORMATION
fixed length control field 191201s2011 xx 000 0 und d
082 ## - DEWEY DECIMAL CLASSIFICATION NUMBER
Classification number 004
Item number RAF
100 ## - MAIN ENTRY--PERSONAL NAME
Personal name RAJARAMAN,V
245 #0 - TITLE STATEMENT
Title Fundamentals of computers
250 ## - EDITION STATEMENT
Edition statement 5th
260 ## - PUBLICATION, DISTRIBUTION, ETC. (IMPRINT)
Date of publication, distribution, etc 2011
Name of publisher, distributor, etc PHI
Place of publication, distribution, etc NEW DELHI
300 ## - PHYSICAL DESCRIPTION
Extent 438
942 ## - ADDED ENTRY ELEMENTS (KOHA)
Source of classification or shelving scheme Dewey Decimal Classification
Koha item type Text Books
942 ## - ADDED ENTRY ELEMENTS (KOHA)
-- 17
Holdings
Withdrawn status Lost status Source of classification or shelving scheme Damaged status Not for loan Collection code Home library Current library Date acquired Source of acquisition Cost, normal purchase price Bill Number Total Checkouts Full call number Acc. no. / Barcode Date last seen Date last borrowed Actual Cost, discounted price Bill Date Koha item type Checked out
    Dewey Decimal Classification     BCA PIET C-LIBRARY PIET C-LIBRARY 07/03/2012 IBH, New Delhi 225.00 4863 7 004 RAF BC58 23/12/2025 16/12/2025 140.40 07/03/2012 Text Books  
    Dewey Decimal Classification     BCA PIET C-LIBRARY PIET C-LIBRARY 07/03/2012 IBH, New Delhi 225.00 4863 6 004 RAF BC59 08/12/2025 08/12/2025 140.40 07/03/2012 Text Books 22/12/2025
    Dewey Decimal Classification     BCA PIET C-LIBRARY PIET C-LIBRARY 07/03/2012 IBH, New Delhi 225.00 4863 5 004 RAF BC60 16/12/2025 24/11/2025 140.40 07/03/2012 Text Books  
    Dewey Decimal Classification     BCA PIET C-LIBRARY PIET C-LIBRARY 07/03/2012 IBH, New Delhi 225.00 4863 6 004 RAF BC61 21/11/2024 07/11/2024 140.40 07/03/2012 Text Books  
    Dewey Decimal Classification     BCA PIET C-LIBRARY PIET C-LIBRARY 07/03/2012 IBH, New Delhi 225.00 4863 3 004 RAF BC62 19/11/2024 07/11/2024 140.40 07/03/2012 Text Books  
    Dewey Decimal Classification     BCA PIET C-LIBRARY PIET C-LIBRARY 07/03/2012 IBH, New Delhi 225.00 4863 9 004 RAF BC63 03/12/2024 19/11/2024 140.40 07/03/2012 Text Books  

Design & Developed by: PIET Central Library
R70 Miles Stone Pattikalyana Samalkha Panipat 132102
mail ID :- [email protected], Phone No:- 0180-2569700 Ex.216